000 00531cam a2200205 4500
001 1697374
005 20180309084042.0
008 701120s1967 nyua b 001 0 eng
010 _a 66020719
040 _aDLC
_cDLC
_dDLC
041 _aeng
080 _a658 MAY
082 0 0 _a658 MAY
100 1 _a57
101 _aBIZ
245 1 0 _aHandbook of business administration.
_cH. B. Maynard, editor-in-chief.
504 _aIncludes bibliographies.
906 _a7
_bcbc
_corignew
_du
_encip
_f19
_gy-gencatlg
942 _2ddc
_cBK
999 _c44619
_d44619